The DBS handbook of ecology (Record no. 457727)

MARC details
000 -LEADER
fixed length control field 00499nam a2200193Ia 4500
008 - FIXED-LENGTH DATA ELEMENTS--GENERAL INFORMATION
fixed length control field 210417s9999 xx 000 0 und d
020 ## - INTERNATIONAL STANDARD BOOK NUMBER
International Standard Book Number 9789382423010
-- 938242301X
082 ## - DEWEY DECIMAL CLASSIFICATION NUMBER
Classification number 577.03 SIN ; 1
Item number zzzzzzzz
245 #4 - TITLE STATEMENT
Title The DBS handbook of ecology
Statement of responsibility, etc. DBS handbook of ecology
250 ## - EDITION STATEMENT
Remainder of edition statement "xviii, 809 p. : ill. ; 25 cm. "
260 ## - PUBLICATION, DISTRIBUTION, ETC.
Place of publication, distribution, etc. New Delhi
Name of publisher, distributor, etc. DBS Imprints
Date of publication, distribution, etc. 2013
700 ## - ADDED ENTRY--PERSONAL NAME
Personal name "Singh, Udai Veer"
Numeration Udai Veer Singh
Holdings
Withdrawn status Lost status Source of classification or shelving scheme Damaged status Not for loan Home library Current library Shelving location Date acquired Total Checkouts Full call number Barcode Date last seen Price effective from Koha item type
    Dewey Decimal Classification     Anna Centenary Library Anna Centenary Library 5TH FLOOR, A WING 17.04.2021   577.03 SIN ; 1 571516 17.04.2021 17.04.2021 English Books

Find us on the map